KATSEYE - Associer les chansons à l'album - Statistiques

Statistiques générales
  • Ce quiz a été pris 416 fois
    18 depuis la dernière actualisation
  • Le résultat moyen est 8 sur 11
Statistiques - réponses
Hint Réponse % Correct
PINKY UP WILD
94%
Mean Girls Beautiful Choas
81%
Gameboy Beautiful Choas
81%
M.I.A Beautiful Choas
75%
Gnarly Beautiful Choas
75%
Gabriela Beautiful Choas
75%
Tonight I Might SIS (Soft is Strong)
75%
Debut SIS (Soft is Strong)
69%
Touch SIS (Soft is Strong)
69%
My Way SIS (Soft is Strong)
63%
I'm Pretty SIS (Soft is Strong)
63%
Aucun quiz correspondant
Distribution des résultats
% des personnes avec chaque résultat
Percentile par nombre de réponses
Votre historique - résultats
Vous n’avez pas pris ce quiz depuis la dernière actualisation